| 000 | 00616nam a22002057a 4500 | ||
|---|---|---|---|
| 005 | 20251108173040.0 | ||
| 008 | 250721s1988 xx 000 0 ara d | ||
| 082 | 1 | 4 | _aط/928.91/محا |
| 100 | 1 | _aالمحامي، محمد كامل | |
| 245 | 1 | 0 | _aطاغور / |
| 264 | 1 |
_aبيروت : _bمنشورات المكتب العالمي للطباعة و النشر، _c1988. |
|
| 300 | _a113ص | ||
| 490 | 0 | _aعباقرة خالدون | |
| 650 | 1 | 7 | _aالأدباء |
| 650 | 1 | 7 | _aالهنود |
| 650 | 1 | 7 | _aالتراجم |
| 653 | _aناشاون صغار (10-14)سنه | ||
| 942 |
_2ddc _cBK |
||
| 999 |
_c94863 _d94863 |
||